Afirmace o Lásce č. 1
Saved in:
| Main Author | |
|---|---|
| Format | Electronic eBook |
| Language | Czech |
| Published |
Přemysl Dvořáček - Adam Evan
2026
|
| Edition | 1. elektronické vydání |
| Subjects | |
| Online Access | Dostupné v BOOKPORT po přihlášení pomocí eduID |
| ISBN | 978-80-909343-2-0 978-80-909343-2-7 |
| Physical Description | 1 online zdroj (32 stran) |
Cover
| LEADER | 00000nam a2200000 i 4500 | ||
|---|---|---|---|
| 001 | bkp1003195440 | ||
| 003 | CZ-prgp | ||
| 005 | 20260604122314.0 | ||
| 006 | m o d | ||
| 007 | cr cn | ||
| 008 | 260604s2026 xr o 000 0 cze | ||
| 020 | |a 978-80-909343-2-0 |c 59 Kč |q (online ; pdf) | ||
| 020 | |a 978-80-909343-2-7 |c 59 Kč |q (print) | ||
| 040 | |a Grada |b cze |e rda | ||
| 100 | 1 | |a Adam, Evan | |
| 245 | 1 | 0 | |a Afirmace o Lásce č. 1 |c Evan Adam |
| 250 | |a 1. elektronické vydání | ||
| 264 | 1 | |b Přemysl Dvořáček - Adam Evan |c 2026 | |
| 300 | |a 1 online zdroj (32 stran) | ||
| 336 | |a text |b txt |2 rdacontent | ||
| 337 | |a počítač |b c |2 rdamedia | ||
| 338 | |a online zdroj |b cr |2 rdacarrier | ||
| 520 | 3 | |a Miluji vlastní láskyplné srdce a objevuji krásu jeho ryzí čistoty, kterou srdce oplývá. Pravidelným čtením afirmací si velice pomáhám ke zklidnění mysli. | |
| 650 | 0 | 4 | |a Mindfulness |
| 650 | 0 | 4 | |a Štěstí a pozitivní myšlení |
| 650 | 0 | 4 | |a Vztahy, láska, rodina |
| 856 | 4 | 0 | |u https://www.bookport.cz/AccountSaml/SignIn/?idp=https://shibboleth.utb.cz/idp/shibboleth&returnUrl=/kniha/afirmace-o-lasce-c-1-16150/ |y Dostupné v BOOKPORT po přihlášení pomocí eduID |